000
00514nam a2200145Ia 4500
008
151213s9999 xx 000 0 und d
100
_a
এহসানুল হক রিপন।
245
_a
দুই বাংলার লেখক ।
_c
এহসানুল হক রিপন।
260
_a
ঢাকা
_b
এহসানুল হক রিপন।
_c
1999
300
_a
8712 p.
650
_a
Bangla
650
_a
গল্প
700
_a
এহসানুল হক রিপন।
999
_c
4498
_d
4498